000 00823nam a22002777a 4500
003 CHAP
005 20220329134147.0
008 971013s1980 r 00010 d
010 _a16349
011 _a17321
035 _a21404
040 _cCHAP
082 _a632.4
_bH6
100 0 0 _aHolliday, Paul.
_955959
245 _aFungus diseases of tropical crops
260 _aLondon :
_bCambridge University,
_c1980
300 _a607 p.
590 _aBATCH-UPD
_b10
_c20130110
_lUCH01
_h1749
590 _aCONVERSION
_b10
_c20130109
_lUCH01
_h1310
650 1 4 _aCultivos tropicales.
_930383
650 1 4 _aPlantas
_xEnfermedades por hongos.
_988830
901 _aBK
942 _cLIBRO
949 _a632.4 H6
_bBC
_cC
_d33724000612602
_eC
_fc.2
_h52400
_i21404
_si
949 _a632.4 H6
_bBC
_cC
_d33724000647723
_eC
_h52399
_i21404
_si
999 _c16349
_d16349